Countries by Tallest Ferris Wheel - Statistics

General Stats
  • This quiz has been taken 33 times
  • The average score is 7 of 10
Answer Stats
Ferris Wheel Height (metres) Country % Correct
London Eye 135 United Kingdom
96%
High Roller 167.6 United States
96%
Star of Nanchang 160 China
92%
Redhorse Osaka Wheel 123 Japan
88%
Ain Dubai 250 United Arab Emirates
83%
Melbourne Star 120 Australia
75%
Singapore Flyer 165 Singapore
58%
Heart of Antalya 90 Turkey
50%
Sky Dream 126 Taiwan
38%
Vinpearl Sky Wheel 120 Vietnam
29%
No matching quizzes found
Score Distribution
Percent of People with Each Score
Percentile by Number Answered
Your Score History
You have not taken this quiz